Rose Marie opérette en 2 parties et 10 tableaux de Otto Harbach et Oscar Hammerstein 2nd : partition piano et chant /
| Main Author: | Friml, Rudolf, 1879-1972 |
|---|---|
| Other Authors: | Stothart, Herbert, 1885-1949, Harbach, Otto, 1873-1963, Hammerstein, Oscar, 1895-1960, Ferréol, Roger, 1880-1959, Saint-Granier, 1890-1976 |
| Language: | French |
| Published: |
Paris : Salabert, 1927 |
| Physical Description: |
147 s. |
| LEADER | 01148ncm a22002532a 4500 | ||
|---|---|---|---|
| 001 | 000382082 | ||
| 003 | CZ BrMZK | ||
| 005 | 20130913114545.0 | ||
| 008 | 980105s1927 fr f fre d | ||
| 040 | |a BOA001 |b cze | ||
| 072 | 7 | |a 782 |x Divadelní hudba. Opera, opereta, muzikál |2 Konspekt |9 9 | |
| 100 | 1 | |a Friml, Rudolf, |d 1879-1972 |7 jn19981001253 |4 cmp | |
| 245 | 1 | 0 | |a Rose Marie |h [hudebnina] : |b opérette en 2 parties et 10 tableaux de Otto Harbach et Oscar Hammerstein 2nd : partition piano et chant / |c musique de Rudolf Friml et Herbert Stothart ; adaptation française de Roger Ferréol et Saint-Garnier |
| 260 | |a Paris : |b Salabert, |c 1927 | ||
| 300 | |a 147 s. | ||
| 700 | 1 | |a Stothart, Herbert, |d 1885-1949 |7 pna2007370696 |4 cmp | |
| 700 | 1 | |a Harbach, Otto, |d 1873-1963 |7 pna2007370697 |4 lbt | |
| 700 | 1 | |a Hammerstein, Oscar, |d 1895-1960 |7 jo2003163203 |4 lbt | |
| 700 | 1 | |a Ferréol, Roger, |d 1880-1959 |7 mzk2013781250 |4 trl | |
| 700 | 0 | |a Saint-Granier, |d 1890-1976 |7 mzk2013781251 |4 trl | |
| 910 | |a BOA001 |b Mus4-0327.680 | ||
| 990 | |a MU | ||
| 991 | |b 201201 | ||
| 996 | 6 | |b 2619817197 |c Mus4-0327.680 |l MZK |r Sklad / do 1 hodiny |n 3 |w 000382082 |u 000010 |a 1 |e BOA001 |j MZK50 |s P | |
English
Čeština 